Clubs de football les plus titrés par championnat (Zone UEFA) - Statistiques

Statistiques générales
  • Ce quiz a été pris 285 fois
  • Le résultat moyen est 11 sur 55
Statistiques - réponses
Pays Nombre de titres Club(s) % Correct
Allemagne 32 Bayern Munich
93%
Angleterre 20 Manchester United
87%
Espagne 35 Real Madrid
76%
Belgique 34 RSC Anderlecht
67%
Écosse 55 Rangers FC
55%
Italie 36 Juventus
52%
Pays-Bas 36 Ajax Amsterdam
43%
Croatie 25 Dinamo Zagreb
42%
Danemark 23 KB Copenhague
39%
Grèce 47 Olympiakos
39%
Portugal 37 Benfica Lisbonne
37%
Albanie 26 KF Tirana
37%
Autriche 32 Rapid Vienne
37%
Chypre 28 APOEL Nicosie
34%
Ukraine 16 Dynamo Kiev
26%
Pologne 15 Legia Varsovie
24%
République Tchèque 12 Sparta Prague
24%
Bulgarie 31 CSKA Sofia
21%
Israël 24 Maccabi Tel-Aviv
21%
Roumanie 26 Steaua Bucarest
21%
Kazakhstan 6 FK Astana
19%
Biélorussie 18 BATE Borisov
18%
Norvège 26 Rosenborg BK
18%
Hongrie 33 Ferencváros
16%
Finlande 31 HJK
16%
Russie 10 Spartak Moscou
16%
Moldavie 20 FC Sheriff Tiraspol
11%
Liechtenstein 48 FC Vaduz
9%
Islande 27 KR Reykjavík
9%
Irlande 19 Shamrock Rovers
9%
Slovaquie 12 Slovan Bratislava
8%
France 10 ASSE & PSG
5%
Estonie 13 FC Flora
5%
Suisse 27 Grasshopper Club Zürich
5%
Suède 22 Malmö FF
4%
Pays de Galles 14 The New Saints
4%
Andorre 12 FC Santa Coloma
3%
Lituanie 9 FK Žalgiris
3%
Turquie 22 Galatasaray SK
3%
Gibraltar 25 Lincoln Red Imps
3%
Irlande du Nord 56 Linfield FC
3%
Arménie 15 Pyunik FC
3%
Lettonie 15 Skonto Riga
3%
Slovénie 16 NK Maribor
2%
Macédoine du Nord 11 Vardar Skopje
2%
Géorgie 18 Dinamo Tbilisi
1%
Serbie 8 Étoile rouge de Belgrade & Partizan Belgrade
1%
Îles Féroé 24 HB Tórshavn
1%
Saint-Marin 8 SP Tre Fiori
1%
Bosnie-Herzégovine 7 Zrinjski Mostar
1%
Monténégro 5 FK Budućnost Podgorica & FK Sutjeska
0%
Azerbaïdjan 9 FK Neftchi Bakou & Qarabağ FK
0%
Malte 26 Floriana FC & Sliema Wanderers
0%
Luxembourg 28 Jeunesse Esch
0%
Kosovo 8 KF Prishtina
0%
Aucun quiz correspondant
Distribution des résultats
% des personnes avec chaque résultat
Percentile par nombre de réponses
Votre historique - résultats
Vous n’avez pas pris ce quiz